How the world really works : (Record no. 127115)

MARC details
000 -LEADER
campo de control de longitud fija 01858nam a22002417a 4500
003 - IDENTIFICADOR DE NÚMERO DE CONTROL
campo de control BJBSDDR
005 - FECHA Y HORA DE LA ÚLTIMA TRANSACCIÓN
campo de control 20260515164957.0
006 - CÓDIGOS DE INFORMACIÓN DE LONGITUD FIJA--CARACTERÍSTICAS DEL MATERIAL ADICIONAL
campo de control de longitud fija a|||||r|||| 00| 0
007 - CAMPO FIJO DE DESCRIPCIÓN FÍSICA--INFORMACIÓN GENERAL
campo de control de longitud fija ta
008 - DATOS DE LONGITUD FIJA--INFORMACIÓN GENERAL
campo de control de longitud fija 260515s20252022nyu||||| |||| 00| 0 eng d
020 ## - NÚMERO INTERNACIONAL ESTÁNDAR DEL LIBRO
Número Internacional Estándar del Libro 9780593297087
040 ## - FUENTE DE CATALOGACIÓN
Lengua de catalogación spa
Centro/agencia transcriptor BJBSDDR
041 ## - CÓDIGO DE IDIOMA
Código de lengua del texto/banda sonora o título independiente eng
050 ## - SIGNATURA TOPOGRÁFICA DE LA BIBLIOTECA DEL CONGRESO
Número de ítem S641h 2025
100 1# - ENTRADA PRINCIPAL--NOMBRE DE PERSONA
Nombre de persona Smil, Vaclav,
Fechas asociadas al nombre 1943-
9 (RLIN) 41840
245 10 - MENCIÓN DEL TÍTULO
Título How the world really works :
Resto del título the science behind how we got here and where we're going /
Mención de responsabilidad, etc. Vaclav Smil
260 ## - PUBLICACIÓN, DISTRIBUCIÓN, ETC.
Lugar de publicación, distribución, etc. New York, [ New York] :
Nombre del editor, distribuidor, etc. Penguin Books,
Fecha de publicación, distribución, etc. 2025
300 ## - DESCRIPCIÓN FÍSICA
Extensión 326 pages ;
Dimensiones 21 cm
505 ## - NOTA DE CONTENIDO CON FORMATO
Nota de contenido con formato Contenidos<br/>Introduction: Why do we need this book?<br/>Understanding energy : fuels and electricity<br/>Understanding food production : eating fossil fuels<br/>Understanding our material world : the four pillars of modern civilization<br/>Understanding globalization : engines, microchips, and beyond<br/>Understanding risks : from viruses to diets to solar flares<br/>Understanding the environment : the only biosphere we have<br/>Understanding the future : between apocalypse and singularity<br/>Appendix: Understanding numbers: orders of magnitude :
520 ## - RESUMEN, ETC.
Sumario, etc. An essential analysis of the modern science and technology that makes our twenty-first century lives possible--a scientist's investigation into what science really does, and does not, accomplish. We have never had so much information at our fingertips and yet most ofus don't know how the world really works. This book explains seven of the most fundamental realities governing our survival and prosperity. From energy and food production, through our material world and its globalization, to risks, our environment and its future, How the World Really Works offers a much-needed reality check--because before we can tackle problems effectively, we must understand the facts.
942 ## - ELEMENTOS DE ENTRADA SECUNDARIOS (KOHA)
Fuente del sistema de clasificación o colocación Clasificación de Library of Congress
Suprimir en OPAC No
Tipo de ítem Koha Libro
946 ## - PROCESAMIENTO DE INFORMACIÓN LOCAL (OCLC)
Iniciales del agente catalogador llh
Holdings
Estatus retirado Estado de pérdida Fuente del sistema de clasificación o colocación Estado de daño No para préstamo Colección Biblioteca de origen Biblioteca actual Ubicación en estantería Fecha de adquisición Signatura topográfica completa Código de barras Visto por última vez Copia número Tipo de ítem Koha
    Clasificación de Library of Congress     Automatización y Procesos Técnicos Biblioteca Juan Bosch Biblioteca Juan Bosch Automatización y Procesos Técnicos (1er. Piso) 15/05/2026 S641h 2025 00000200106 15/05/2026 1 Libro